Руководство по анализу полезных ископаемых (инструкция для полевых аналитических лабораторий); Ч. 3; Анализ воды

Dades bibliogràfiques
Autor corporatiu: СССР Главное геологоразведочное управление
Altres autors: Карпов Б. Г. (редактор), Палей П. Н. (составитель)
Idioma:rus
Publicat: Москва, Геологическое изд-во, 1930
Edició:2-е изд.
Matèries:
Format: MixedMaterials Llibre
KOHA link:https://koha.lib.tpu.ru/cgi-bin/koha/opac-detail.pl?biblionumber=351673

MARC

LEADER 00000nam0a2200000 4500
001 351673
005 20231102010428.0
035 |a (RuTPU)RU\TPU\retro\6879 
090 |a 351673 
100 |a 20190701d1930 km y0rusy50 ca 
101 0 |a rus 
102 |a RU 
105 |a a z 000zy 
200 1 |a Руководство по анализу полезных ископаемых (инструкция для полевых аналитических лабораторий)  |h Ч. 3  |i Анализ воды  |f СССР, Главное геологоразведочное управление ; под ред. Б. Г. Карпова ; сост. П. Н. Палей 
205 |a 2-е изд. 
210 |a Москва  |a Ленинград  |c Геологическое изд-во  |d 1930 
215 |a 24 с.  |c ил. 
316 |5 63413507: КР-6717  |a На обложке и далее владельческая печать Лаборатории основной хим. промышленности Сибирского химико-технологического института ВСНХ СССР 
316 |5 63413507: КР-6717  |a На титульном листе инициалы "В. Л." 
606 1 |a Полезные ископаемые  |x Анализ  |2 stltpush  |3 (RuTPU)RU\TPU\subj\50070  |9 68819 
606 1 |a Вода  |x Химический анализ  |2 stltpush  |3 (RuTPU)RU\TPU\subj\2699  |9 31232 
610 1 |a полевые аналитические лаборатории 
610 1 |a пробы 
610 1 |a состав 
610 1 |a геохимический анализ 
610 1 |a руководство 
610 1 |a инструкции 
610 1 |a владельческие знаки 
675 |a 553.08  |v 4 
675 |a 543.3  |v 4 
702 1 |a Карпов  |b Б. Г.  |4 340 
702 1 |a Палей  |b П. Н.  |4 220 
712 0 1 |a СССР  |b Главное геологоразведочное управление  |c (1928-1931)  |2 stltpush  |3 (RuTPU)RU\TPU\col\18482  |9 27044 
801 1 |a RU  |b 63413507  |c 20190701 
801 2 |a RU  |b 63413507  |c 20200312  |g RCR 
942 |c BK